Statistics for Countries with 50,000...

Click here to take the quiz!

General Stats

  • This quiz has been taken 23 times
  • The average score is 3 of 10

Answer Stats

Countries with... Country % Correct
50,000 Trillion BTU of Energy produced per yearRussia
80%
50,000 km CoastlineIndonesia
55%
$50,000 million Military expenditure per yearUnited Kingdom
55%
50,000 CamelsMorocco / Libya
35%
50,000 PeopleMarshall Islands
15%
50,000 TurkeysBelize
10%
$50,000 million GDP (nominal per year)Croatia
5%
50,000 kmĀ² AreaSlovakia
0%
50,000 tonnes of Wine produced per yearMacedonia
0%
50,000 tonnes Apples produced per yearBosnia and Herzegovina
0%

Score Distribution

Percentile by Number Answered

Percent of People with Each Score

Your Score History

You have not taken this quiz